[Event "La Paz Primera Categoria Adalp"]
[Site "La Paz"]
[Date "2017.01.27"]
[Round "2.4"]
[White "Nao, Jose"]
[Black "Jarro, Joel"]
[Result "1-0"]
[WhiteElo "1829"]
[BlackElo "1341"]
[PlyCount "83"]
[EventDate "2017.01.26"]
[EventType "swiss"]
[EventRounds "7"]
[EventCountry "BOL"]
[SourceTitle "EXT 2024"]
[Source "ChessBase"]
[SourceDate "2023.10.10"]
[SourceVersion "1"]
[SourceVersionDate "2023.10.10"]
[SourceQuality "1"]

1. e4 e5 2. Nf3 Nc6 3. c3 Bc5 4. b4 Bb6 5. b5 Nce7 6. Nxe5 d6 7. Nc4 Nf6 8. Nxb6 axb6 9. d3 Ng6 10. g3 0-0 11. Bg2 Ng4 12. h3 N4e5 13. f4 Nd7 14. 0-0 c5 15. bxc6 bxc6 16. d4 Ba6 17. Re1 Bc4 18. Na3 Ba6 19. Nc2 Bb7 20. f5 Ne7 21. Kh2 Re8 22. Ne3 h6 23. Ng4 Nc8 24. Qb3 h5 25. Nf2 d5 26. e5 Kh8 27. Qd1 g6 28. f6 c5 29. Bg5 Nf8 30. Bf3 Nh7 31. h4 cxd4 32. cxd4 b5 33. Bxh5 Nd6 34. Bxg6 fxg6 35. exd6 Rxe1 36. Qxe1 Nxg5 37. hxg5 Qxd6 38. Ng4 Kg8 39. Ne5 Qa3 40. Qb1 Kh7 41. Qxg6+ Kh8 42. Qg7# 1-0